The psychology of literacy /

Bibliographic Details
Main Author: Scribner, Sylvia, 1925-1991
Other Authors: Cole, Michael, 1938-
Format: Book
Language:English
Published: Cambridge, Mass. : Harvard University Press, 1981.
Subjects:

MARC

Tag First Indicator Second Indicator Subfields
LEADER 00000pam a2200000 a 4500
001 in00000073448
005 20151008053502.0
008 810119s1981 mauaf b 00110 eng
010 |a  81000607  
020 |a 0674721152 
035 |a (OCoLC)07205454 
035 |9 AAH7585AM 
039 0 |a 2  |b 3  |c 3  |d 3  |e 3 
040 |a DLC  |c DLC  |d TXA  |d UtOrBLW 
043 |a f-lb--- 
049 |a TXAM  |c [985455] 
050 0 0 |a P35.5.L5  |b S3 
082 0 |a 401/.9  |2 19 
100 1 |a Scribner, Sylvia,  |d 1925-1991. 
245 1 4 |a The psychology of literacy /  |c Sylvia Scribner, Michael Cole. 
264 1 |a Cambridge, Mass. :  |b Harvard University Press,  |c 1981. 
300 |a xii, 335 pages, 8 unnumbered pages of plates :  |b illustrations ;  |c 24 cm. 
336 |a text  |b txt  |2 rdacontent 
337 |a unmediated  |b n  |2 rdamedia 
338 |a volume  |b nc  |2 rdacarrier 
500 |a Includes index. 
504 |a Bibliography: pages 321-329. 
650 0 |a Language and culture  |z Liberia. 
650 0 |a Literacy  |z Liberia. 
650 0 |a Writing. 
650 0 |a Psycholinguistics. 
650 0 |a Vai language. 
650 0 |a Vai (African people) 
700 1 |a Cole, Michael,  |d 1938- 
999 |a MARS 
999 f f |s c83ebcbb-3d59-3a4e-a9dd-080f0c9b9f71  |i 72cc0103-8094-3783-857e-57f4d6882471  |t 0 
952 f f |p normal  |a Texas A&M University  |b Galveston Campus  |c Jack K. Williams Library  |d Galveston Stacks  |t 0  |e P35.5.L5 S3  |h Library of Congress classification  |i unmediated -- volume  |m 33620000701728 
952 f f |p normal  |a Texas A&M University  |b College Station  |c Sterling C. Evans Library  |d Evans: Library Stacks  |t 0  |e P35.5.L5 S3  |h Library of Congress classification  |i unmediated -- volume  |m A14806171539 
998 f f |a P35.5.L5 S3  |t 0  |l Galveston Stacks 
998 f f |a P35.5.L5 S3  |t 0  |l Evans: Library Stacks